Grand Central stations - Statistics

General Stats
  • This quiz has been taken 84 times
    19 since last reset
  • The average score is 14 of 19
Answer Stats
Answer % Correct
York
100%
London King's Cross
86%
London King's Cross
86%
Peterborough
86%
Peterborough
86%
Sunderland
86%
Bradford Interchange
79%
Doncaster
79%
Northallerton
79%
Wakefield Kirkgate
79%
Halifax
71%
Hartlepool
71%
Brighouse
64%
Eaglescliffe
64%
Thirsk
64%
Low Moor
57%
Mirfield
57%
Pontefract Monkhill
57%
Seaham
43%
No matching quizzes found
Score Distribution
Percent of People with Each Score
Percentile by Number Answered
Your Score History
You have not taken this quiz since the last reset